[Event "Titled Tuesday intern op 12th Dec Early"]
[Site "Chess.com INT"]
[Date "2023.12.12"]
[Round "1"]
[White "Tanriverdi, Enes"]
[Black "Filippova, Margarita"]
[Result "1-0"]
[WhiteElo "2371"]
[BlackElo "2026"]
[PlyCount "43"]
[EventDate "2023.12.12"]
[EventType "swiss (blitz)"]
[EventRounds "11"]
[EventCountry "USA"]
[SourceTitle "CB51_2023"]
[SourceDate "2023.12.20"]
[SourceVersion "1"]
[SourceVersionDate "2023.12.20"]
[SourceQuality "1"]

1. Nf3 d5 2. d4 Nf6 3. c4 e6 4. Nc3 c6 5. g3 Nbd7 6. Bg2 dxc4 7. 0-0 Be7 8. e4 b5 9. e5 Nd5 10. Ne4 Bb7 11. h4 c5 12. Bg5 f6 13. exf6 gxf6 14. Bh6 Qb6 15. a4 a6 16. axb5 axb5 17. Rxa8+ Bxa8 18. Re1 Kf7 19. Nfg5+ fxg5 20. Qh5+ Kg8 21. Nxg5 Bxg5 22. Qe8+ 1-0

[Event "Titled Tuesday intern op 26th Sep Early"]
[Site "Chess.com INT"]
[Date "2023.09.26"]
[Round "3"]
[White "Tanriverdi, Enes"]
[Black "Namitbir, Singh Walia"]
[Result "0-1"]
[WhiteElo "2371"]
[BlackElo "2364"]
[PlyCount "82"]
[EventDate "2023.09.26"]
[EventType "swiss (blitz)"]
[EventRounds "11"]
[EventCountry "USA"]
[SourceTitle "EXT 2024"]
[Source "ChessBase"]
[SourceDate "2023.10.10"]
[SourceVersion "1"]
[SourceVersionDate "2023.10.10"]
[SourceQuality "1"]

1. e4 e5 2. Nf3 Nc6 3. Bc4 Nf6 4. d3 Be7 5. 0-0 0-0 6. a4 d5 7. exd5 Nxd5 8. Re1 Bg4 9. h3 Bh5 10. Nbd2 Kh8 11. Nf1 f6 12. Ng3 Bf7 13. Nh4 Re8 14. Nhf5 Bf8 15. c3 g6 16. Nh6 Be6 17. Qf3 Bg7 18. Ne4 Qe7 19. b4 a6 20. Nc5 Rad8 21. Nxb7 Rb8 22. Nc5 Rbd8 23. Ng4 f5 24. Ne3 Nxe3 25. Bxe3 Bxc4 26. Qxc6 Bxd3 27. Nxd3 Rxd3 28. Qxa6 Rxc3 29. a5 e4 30. Bc5 Rxc5 31. bxc5 Bxa1 32. Rxa1 Qxc5 33. Qf6+ Kg8 34. Rd1 e3 35. Rd7 exf2+ 36. Kh2 Qe5+ 37. Qxe5 Rxe5 38. a6 f1Q 39. a7 Qf4+ 40. g3 Qf2+ 41. Kh1 Re1# 0-1

[Event "Titled Tuesday intern op 19th Sep Early"]
[Site "Chess.com INT"]
[Date "2023.09.19"]
[Round "9"]
[White "Shturman, Arseniy"]
[Black "Tanriverdi, Enes"]
[Result "0-1"]
[WhiteElo "2161"]
[BlackElo "2371"]
[PlyCount "88"]
[EventDate "2023.09.19"]
[EventType "swiss (blitz)"]
[EventRounds "11"]
[EventCountry "USA"]
[SourceTitle "EXT 2024"]
[Source "ChessBase"]
[SourceDate "2023.10.10"]
[SourceVersion "1"]
[SourceVersionDate "2023.10.10"]
[SourceQuality "1"]

1. e4 c5 2. Nf3 d6 3. d4 cxd4 4. Nxd4 Nf6 5. Nc3 a6 6. Rg1 e5 7. Nb3 h5 8. h3 h4 9. Be3 Be7 10. Qd2 Be6 11. 0-0-0 Qc7 12. f4 Nbd7 13. f5 Bc4 14. Kb1 Rc8 15. Bd3 b5 16. a3 Kf8 17. g4 hxg3 18. Rxg3 Nh5 19. Rg2 Ndf6 20. Rdg1 Rh7 21. Bxc4 Qxc4 22. Qd3 Nf4 23. Bxf4 exf4 24. Nd2 Qxd3 25. cxd3 Rxh3 26. Rxg7 Rxd3 27. Kc2 Re3 28. Kd1 Ke8 29. Rf1 Bf8 30. Rgg1 Bh6 31. Rh1 Ng4 32. Nd5 Rd3 33. Ke2 Rg3 34. Nxf4 Rc2 35. Kd1 Ne3+ 36. Ke1 Nxf1 37. Rxf1 Bxf4 38. Rxf4 Rg1+ 39. Nf1 Rxb2 40. Rf3 a5 41. Rf2 Rxf2 42. Kxf2 Rxf1+ 43. Kxf1 b4 44. axb4 a4 0-1

[Event "Titled Tuesday intern op 19th Sep Early"]
[Site "Chess.com INT"]
[Date "2023.09.19"]
[Round "10"]
[White "Tanriverdi, Enes"]
[Black "Rakhmatullaev, Almas"]
[Result "0-1"]
[WhiteElo "2371"]
[BlackElo "2384"]
[PlyCount "56"]
[EventDate "2023.09.19"]
[EventType "swiss (blitz)"]
[EventRounds "11"]
[EventCountry "USA"]
[SourceTitle "EXT 2024"]
[Source "ChessBase"]
[SourceDate "2023.10.10"]
[SourceVersion "1"]
[SourceVersionDate "2023.10.10"]
[SourceQuality "1"]

1. Nf3 Nf6 2. d4 g6 3. c4 Bg7 4. Nc3 0-0 5. e4 d6 6. h3 Nbd7 7. Be3 e5 8. d5 Nh5 9. Nd2 Kh8 10. g3 a5 11. Be2 Nhf6 12. g4 Nc5 13. h4 Bxg4 14. Bxg4 Nd3+ 15. Kf1 Nxb2 16. Qc2 Nxg4 17. Qxb2 f5 18. Bg5 Qd7 19. exf5 e4 20. Ndxe4 Qxf5 21. Re1 Rae8 22. Qc2 Qf3 23. Kg1 Bxc3 24. Re3 Nxe3 25. Qxc3+ Kg8 26. Bxe3 Rxe4 27. Rh2 Qd1+ 28. Kg2 Rg4+ 0-1

[Event "Titled Tuesday intern op 12th Sep Late"]
[Site "Chess.com INT"]
[Date "2023.09.12"]
[Round "3"]
[White "Fedoseev, Vladimir1111"]
[Black "Tanriverdi, Enes"]
[Result "1-0"]
[WhiteElo "2683"]
[BlackElo "2371"]
[PlyCount "33"]
[EventDate "2023.09.12"]
[EventType "swiss (blitz)"]
[EventRounds "11"]
[EventCountry "USA"]
[SourceTitle "EXT 2024"]
[Source "ChessBase"]
[SourceDate "2023.10.10"]
[SourceVersion "1"]
[SourceVersionDate "2023.10.10"]
[SourceQuality "1"]

1. h3 d5 2. Nf3 Nf6 3. e3 a6 4. b3 c5 5. Bb2 Nc6 6. d4 Bf5 7. dxc5 e6 8. Nd4 Bxc5 9. Nxf5 exf5 10. Bd3 Ne4 11. 0-0 Qg5 12. Bxe4 fxe4 13. c4 dxc4 14. Nc3 Qf5 15. Qb1 cxb3 16. Nxe4 bxa2 17. Nd6+ 1-0

[Event "Titled Tuesday intern op 12th Sep Early"]
[Site "Chess.com INT"]
[Date "2023.09.12"]
[Round "10"]
[White "Pham, Le Thao Nguyen"]
[Black "Tanriverdi, Enes"]
[Result "1-0"]
[WhiteElo "2380"]
[BlackElo "2371"]
[PlyCount "107"]
[EventDate "2023.09.12"]
[EventType "swiss (blitz)"]
[EventRounds "11"]
[EventCountry "USA"]
[SourceTitle "EXT 2024"]
[Source "ChessBase"]
[SourceDate "2023.10.10"]
[SourceVersion "1"]
[SourceVersionDate "2023.10.10"]
[SourceQuality "1"]

1. d4 Nf6 2. Nf3 g6 3. Bf4 Bg7 4. e3 0-0 5. Be2 d6 6. 0-0 Nbd7 7. h3 Qe8 8. c4 e5 9. Bh2 Ne4 10. Qc2 f5 11. Rd1 Qe7 12. Nbd2 Nxd2 13. Qxd2 e4 14. Ne1 Nf6 15. Nc2 g5 16. d5 Bd7 17. Nd4 Rae8 18. b4 f4 19. exf4 e3 20. Qxe3 Qxe3 21. fxe3 Rxe3 22. fxg5 Ne4 23. Bf1 Nc3 24. Rd2 Ne4 25. Rdd1 a5 26. b5 a4 27. Rac1 a3 28. Rc2 Nc3 29. Rdd2 Bf5 30. Nxf5 Rxf5 31. Rf2 Rxf2 32. Rxf2 Bd4 33. Kh1 Re1 34. Rf4 Be3 35. Rf3 Nxa2 36. Bg3 Rxf1+ 37. Rxf1 Nc1 38. Be1 Nb3 39. Bc3 a2 40. h4 Bc1 41. Kh2 h6 42. g6 Be3 43. Kh3 h5 44. g4 Nd2 45. Re1 Ne4 46. Rxe3 Nxc3 47. Re8+ Kg7 48. Ra8 Kxg6 49. gxh5+ Kxh5 50. Ra3 Kg6 51. Kg4 Kf6 52. h5 b6 53. Kh4 Kf5 54. Ra7 1-0

[Event "Titled Tuesday intern op 12th Sep Late"]
[Site "Chess.com INT"]
[Date "2023.09.12"]
[Round "2"]
[White "Rudzinska, Michalina"]
[Black "Tanriverdi, Enes"]
[Result "0-1"]
[WhiteElo "2228"]
[BlackElo "2371"]
[PlyCount "98"]
[EventDate "2023.09.12"]
[EventType "swiss (blitz)"]
[EventRounds "11"]
[EventCountry "USA"]
[SourceTitle "EXT 2024"]
[Source "ChessBase"]
[SourceDate "2023.10.10"]
[SourceVersion "1"]
[SourceVersionDate "2023.10.10"]
[SourceQuality "1"]

1. e4 c5 2. Nf3 d6 3. d4 cxd4 4. Nxd4 Nf6 5. Nc3 a6 6. Bg5 e6 7. f4 h6 8. Bh4 Nbd7 9. Bc4 b5 10. Bb3 Qb6 11. a3 Be7 12. Bf2 Nc5 13. Qe2 Qc7 14. 0-0-0 Bb7 15. Rhe1 Nxb3+ 16. Nxb3 0-0 17. g4 Nd7 18. h4 Bf6 19. Bd4 Bxd4 20. Rxd4 e5 21. Rd2 exf4 22. Qd3 Ne5 23. Qxd6 Qxd6 24. Rxd6 Nxg4 25. Nc5 Bc8 26. Nd5 f3 27. Rf1 Ne5 28. Nd3 Nxd3+ 29. cxd3 Bg4 30. Ne3 h5 31. Kd2 Rfd8 32. Rd5 Rxd5 33. Nxd5 f6 34. Ke3 Kf7 35. Rc1 Rc8 36. Rxc8 Bxc8 37. Kxf3 g5 38. hxg5 fxg5 39. Ne3 Ke6 40. d4 Kd6 41. e5+ Ke6 42. Ke4 h4 43. d5+ Ke7 44. Nf1 Bh3 45. Nd2 Bg2+ 46. Ke3 Bxd5 47. Kd4 Ke6 48. Nf1 g4 49. Nh2 g3 0-1

[Event "Titled Tuesday intern op 12th Sep Early"]
[Site "Chess.com INT"]
[Date "2023.09.12"]
[Round "6"]
[White "Tanriverdi, Enes"]
[Black "Maghsoodloo, Parham"]
[Result "0-1"]
[WhiteElo "2371"]
[BlackElo "2707"]
[PlyCount "60"]
[EventDate "2023.09.12"]
[EventType "swiss (blitz)"]
[EventRounds "11"]
[EventCountry "USA"]
[SourceTitle "EXT 2024"]
[Source "ChessBase"]
[SourceDate "2023.10.10"]
[SourceVersion "1"]
[SourceVersionDate "2023.10.10"]
[SourceQuality "1"]

1. d4 Nf6 2. Nf3 d5 3. c4 e6 4. Nc3 dxc4 5. e4 b5 6. e5 Nd5 7. Nxb5 Nb6 8. Be2 Nc6 9. Nc3 Bb7 10. 0-0 Be7 11. Qd2 0-0 12. Qf4 Nb4 13. Rd1 Rb8 14. Qg3 Kh8 15. h4 Nc2 16. Rb1 Bxf3 17. Bxf3 Nxd4 18. Bg5 c5 19. Ne4 f6 20. Bf4 f5 21. Ng5 Bxg5 22. hxg5 Nd5 23. Bd2 f4 24. Qg4 Nxf3+ 25. Qxf3 Qxg5 26. Re1 Rf5 27. Re4 Qh4 28. g3 fxg3 29. Rxh4 Rxf3 30. fxg3 c3 0-1

[Event "Titled Tuesday intern op 12th Sep Early"]
[Site "Chess.com INT"]
[Date "2023.09.12"]
[Round "8"]
[White "Tanriverdi, Enes"]
[Black "Puranik, Abhimanyu Sameer"]
[Result "0-1"]
[WhiteElo "2371"]
[BlackElo "2611"]
[PlyCount "78"]
[EventDate "2023.09.12"]
[EventType "swiss (blitz)"]
[EventRounds "11"]
[EventCountry "USA"]
[SourceTitle "EXT 2024"]
[Source "ChessBase"]
[SourceDate "2023.10.10"]
[SourceVersion "1"]
[SourceVersionDate "2023.10.10"]
[SourceQuality "1"]

1. Nf3 Nf6 2. d4 g6 3. g3 Bg7 4. Bg2 0-0 5. 0-0 d5 6. c4 c6 7. Nc3 dxc4 8. e4 b5 9. Qe2 a6 10. Rd1 Nbd7 11. e5 Nd5 12. e6 N7b6 13. exf7+ Rxf7 14. Ne5 Bxe5 15. Qxe5 Bg4 16. Re1 Qd6 17. a4 b4 18. a5 bxc3 19. axb6 cxb2 20. Bxb2 c3 21. Bxd5 Qxd5 22. b7 Raf8 23. Qxd5 cxd5 24. Bxc3 Rb8 25. Bd2 Rxb7 26. Bh6 Rb6 27. Rec1 Rf5 28. Rc8+ Kf7 29. Re1 g5 30. Rf8+ Kg6 31. Rxf5 Bxf5 32. Bf8 e6 33. Bc5 Rb3 34. Ra1 Bd3 35. f3 Bc4 36. Kf2 Rb2+ 37. Ke3 Rxh2 38. Rb1 Rg2 39. g4 Re2# 0-1

[Event "Titled Tuesday intern op 12th Sep Early"]
[Site "Chess.com INT"]
[Date "2023.09.12"]
[Round "9"]
[White "Tanriverdi, Enes"]
[Black "Vovk, Orest"]
[Result "1/2-1/2"]
[WhiteElo "2371"]
[BlackElo "2315"]
[PlyCount "106"]
[EventDate "2023.09.12"]
[EventType "swiss (blitz)"]
[EventRounds "11"]
[EventCountry "USA"]
[SourceTitle "EXT 2024"]
[Source "ChessBase"]
[SourceDate "2023.10.10"]
[SourceVersion "1"]
[SourceVersionDate "2023.10.10"]
[SourceQuality "1"]

1. d4 h6 2. Nf3 g5 3. e4 Bg7 4. Bc4 d6 5. h3 g4 6. hxg4 Bxg4 7. c3 e6 8. Nbd2 Nd7 9. Nf1 Qf6 10. Ne3 Bxf3 11. Qxf3 Qxf3 12. gxf3 Ne7 13. Ke2 c5 14. d5 exd5 15. Nxd5 Nxd5 16. Bxd5 Rb8 17. Bf4 Ke7 18. Rag1 Bf8 19. Be3 Nf6 20. Bb3 b6 21. Bc2 Nd7 22. f4 h5 23. Rg5 h4 24. Rg4 h3 25. Rg3 h2 26. Rg2 f5 27. exf5 Nf6 28. Rgxh2 Rxh2 29. Rxh2 d5 30. b4 Kf7 31. a3 Rc8 32. Kd2 d4 33. cxd4 c4 34. f3 b5 35. Be4 a5 36. Kc3 axb4+ 37. axb4 Bd6 38. Rh1 Re8 39. Rh6 Nxe4+ 40. fxe4 Rxe4 41. Rxd6 Rxe3+ 42. Kc2 Rb3 43. d5 Rxb4 44. Rb6 Rb3 45. d6 Rd3 46. Rb7+ Kf6 47. d7 Kxf5 48. Rxb5+ Kxf4 49. Rb7 Ke5 50. Rb5+ Ke6 51. d8Q Rxd8 52. Rc5 Rd5 53. Rxc4 Kd6 1/2-1/2

[Event "Titled Tuesday intern op 01st Aug Late"]
[Site "Chess.com INT"]
[Date "2023.08.01"]
[Round "1"]
[White "Tanriverdi, Enes"]
[Black "Nasta, Kiren Vivek"]
[Result "1-0"]
[WhiteElo "2371"]
[BlackElo "2057"]
[PlyCount "77"]
[EventDate "2023.08.01"]
[EventType "swiss (blitz)"]
[EventRounds "11"]
[EventCountry "USA"]
[SourceTitle "EXT 2024"]
[Source "ChessBase"]
[SourceDate "2023.10.10"]
[SourceVersion "1"]
[SourceVersionDate "2023.10.10"]
[SourceQuality "1"]

1. Nf3 Nf6 2. g3 g6 3. Bg2 Bg7 4. 0-0 0-0 5. d4 d5 6. c4 c6 7. Qb3 dxc4 8. Qxc4 Be6 9. Qc2 Bf5 10. Qd1 Nbd7 11. Nc3 Nb6 12. Re1 Nbd5 13. Na4 Nb6 14. Nc5 Nbd7 15. Nxb7 Qb6 16. Nc5 Nxc5 17. dxc5 Qxc5 18. Be3 Qb4 19. Nd4 Qxb2 20. Nxc6 Rfe8 21. Bd4 Qb5 22. Nxe7+ Rxe7 23. Bxa8 h5 24. Qb3 Qe8 25. Bf3 a6 26. Rad1 h4 27. Qb2 Re6 28. Rc1 hxg3 29. hxg3 Nh5 30. Bxg7 Nxg7 31. Rc7 Re7 32. Rec1 Rxc7 33. Rxc7 Qa4 34. Qd2 Ne6 35. Rc8+ Kh7 36. Ra8 Nd4 37. Qg5 Qd1+ 38. Kh2 Nxe2 39. Qh4+ 1-0

[Event "TUR-chT 1st League"]
[Site "Denizli"]
[Date "2023.07.15"]
[Round "9.66"]
[White "Kocu, Arda Mert"]
[Black "Tanriverdi, Enes"]
[Result "1/2-1/2"]
[WhiteElo "1728"]
[BlackElo "2383"]
[PlyCount "52"]
[EventDate "2023.07.09"]
[EventType "team-swiss"]
[EventRounds "9"]
[EventCountry "TUR"]
[SourceTitle "CBM 215 Extra"]
[Source "ChessBase"]
[SourceDate "2023.09.30"]
[SourceVersion "1"]
[SourceVersionDate "2023.09.30"]
[SourceQuality "1"]
[WhiteTeam "Mavisehir Altyapi"]
[BlackTeam "Bulancak Ihsaniye Genclik"]
[WhiteTeamCountry "TUR"]
[BlackTeamCountry "TUR"]

1. d4 Nf6 2. Nf3 g6 3. Bg5 Bg7 4. Nbd2 d5 5. e3 0-0 6. Be2 c5 7. c3 cxd4 8. cxd4 Nc6 9. 0-0 h6 10. Bh4 g5 11. Bg3 Nh5 12. Rc1 Nxg3 13. hxg3 e6 14. Bd3 a6 15. Bb1 f5 16. Nb3 h5 17. Nfd2 g4 18. f4 Bd7 19. Nc5 Qe7 20. Nxb7 Rfb8 21. Nc5 Rxb2 22. Ndb3 h4 23. Qe1 hxg3 24. Qxg3 Bf6 25. Qe1 Qh7 26. Nxd7 Qxd7 1/2-1/2

[Event "TUR-chT 1st League"]
[Site "Denizli"]
[Date "2023.07.12"]
[Round "6.66"]
[White "Temizer, Umut"]
[Black "Tanriverdi, Enes"]
[Result "1-0"]
[WhiteElo "2116"]
[BlackElo "2383"]
[PlyCount "117"]
[EventDate "2023.07.09"]
[EventType "team-swiss"]
[EventRounds "9"]
[EventCountry "TUR"]
[SourceTitle "CBM 215 Extra"]
[Source "ChessBase"]
[SourceDate "2023.09.30"]
[SourceVersion "1"]
[SourceVersionDate "2023.09.30"]
[SourceQuality "1"]
[WhiteTeam "Doktor Metin Surmeli"]
[BlackTeam "Bulancak Ihsaniye Genclik"]
[WhiteTeamCountry "TUR"]
[BlackTeamCountry "TUR"]

1. e4 g6 2. d4 Bg7 3. Nf3 d6 4. Bd3 Nf6 5. 0-0 0-0 6. c3 Nc6 7. Qe2 e5 8. dxe5 Nxe5 9. Nxe5 dxe5 10. Bc4 Kh8 11. Bg5 h6 12. Bh4 g5 13. Bg3 Qe7 14. Na3 h5 15. h4 Ng4 16. hxg5 Qxg5 17. Rad1 Be6 18. Bd5 c6 19. f4 exf4 20. Bxf4 Qg6 21. Bxe6 fxe6 22. Nc4 Rad8 23. Rxd8 Rxd8 24. Bg3 Qg5 25. Kh1 Qc5 26. e5 Rf8 27. Rxf8+ Bxf8 28. Nd6 Bg7 29. Qf3 Qe3 30. Qxe3 Nxe3 31. Nxb7 Nd1 32. Nd8 Nxb2 33. Nxe6 Nc4 34. Nd8 c5 35. Ne6 Bxe5 36. Bxe5+ Nxe5 37. Nxc5 Kg7 38. Kh2 Kf6 39. Kg3 Kg5 40. Ne4+ Kf5 41. Nd6+ Ke6 42. Nb5 a5 43. Kf4 Nd3+ 44. Ke3 Ne1 45. g3 Kd5 46. Ke2 h4 47. Kxe1 hxg3 48. Na3 a4 49. Nb1 Kc4 50. a3 Kd3 51. Kf1 Kc2 52. c4 Kxb1 53. c5 Kb2 54. c6 Kxa3 55. c7 Kb2 56. c8Q a3 57. Qh8+ Kb1 58. Qh7+ Kb2 59. Qg7+ 1-0

[Event "Titled Tuesday intern op 30th Aug Late"]
[Site "Chess.com INT"]
[Date "2022.08.30"]
[Round "2"]
[White "Tanriverdi, Enes"]
[Black "Bettalli, Francesco"]
[Result "1-0"]
[WhiteElo "2399"]
[BlackElo "2249"]
[PlyCount "69"]
[EventDate "2022.08.30"]
[EventType "swiss (blitz)"]
[EventRounds "11"]
[EventCountry "USA"]
[SourceTitle "EXT 2023"]
[Source "ChessBase"]
[SourceDate "2022.10.05"]
[SourceVersion "1"]
[SourceVersionDate "2022.10.05"]
[SourceQuality "1"]

1. e4 e5 2. Nf3 Nf6 3. Nc3 Bc5 4. Nxe5 Bd4 5. Nf3 Bxc3 6. dxc3 Nxe4 7. Bd3 Nf6 8. Qe2+ Qe7 9. Qxe7+ Kxe7 10. 0-0 Re8 11. Bg5 d6 12. Rfe1+ Be6 13. Nd4 Nbd7 14. Bxh7 Kf8 15. Nxe6+ Rxe6 16. Bf5 Rxe1+ 17. Rxe1 Re8 18. Rxe8+ Kxe8 19. f3 g6 20. Bd3 Nd5 21. Kf2 Ne5 22. Be4 c6 23. Bxd5 cxd5 24. b3 Kd7 25. h4 Ke6 26. Ke3 Nc6 27. g4 b5 28. h5 gxh5 29. gxh5 f6 30. Bf4 Ne7 31. h6 Kf7 32. Kd4 Ke6 33. h7 Ng6 34. Bh6 a6 35. Bg7 1-0

[Event "Nizami Ganjavi 880 years U17"]
[Site "Tornelo INT"]
[Date "2021.04.04"]
[Round "8.1"]
[White "Daneshvar, Bardiya"]
[Black "Tanriverdi, Enes"]
[Result "1-0"]
[WhiteElo "2401"]
[BlackElo "2399"]
[PlyCount "101"]
[EventDate "2021.04.02"]
[EventType "team-swiss (blitz)"]
[EventRounds "9"]
[EventCountry "AZE"]
[SourceTitle "EXT 2023"]
[Source "ChessBase"]
[SourceDate "2022.10.05"]
[SourceVersion "1"]
[SourceVersionDate "2022.10.05"]
[SourceQuality "1"]
[WhiteTeam "Iran"]
[BlackTeam "Turkey"]
[WhiteTeamCountry "IRI"]
[BlackTeamCountry "TUR"]

1. d4 d5 2. c4 c6 3. cxd5 cxd5 4. Bf4 Nc6 5. e3 Nf6 6. Nc3 Bf5 7. Qb3 Na5 8. Qa4+ Bd7 9. Qc2 e6 10. Nf3 Nc6 11. a3 Be7 12. h3 Rc8 13. Bd3 h6 14. 0-0 0-0 15. Rfc1 a6 16. b4 b5 17. Qb2 Qb6 18. Nd2 Nxd4 19. Qb1 Nc6 20. e4 e5 21. Bh2 Be6 22. Nf3 d4 23. Ne2 Nd7 24. Qb2 Bf6 25. a4 Be7 26. Rxc6 Qxc6 27. axb5 axb5 28. Nxe5 Nxe5 29. Bxe5 Bc4 30. Nxd4 Qd7 31. Bxc4 bxc4 32. Bxg7 c3 33. Qc1 Bg5 34. f4 Kxg7 35. Nf5+ Kh7 36. fxg5 c2 37. g6+ fxg6 38. Qxh6+ Kg8 39. Qxg6+ Kh8 40. Qh6+ Qh7 41. Qf4 Rf6 42. Kh2 Re6 43. Nd6 Qc7 44. Qh4+ Kg8 45. Qg4+ Kh7 46. Qxe6 Rd8 47. Qf5+ Kg7 48. Qg5+ Kh7 49. e5 Rg8 50. Qh5+ Kg7 51. Rc1 1-0

[Event "Nizami Ganjavi 880 years U17"]
[Site "Tornelo INT"]
[Date "2021.04.03"]
[Round "4.1"]
[White "Tsvetkov, Andrey1111"]
[Black "Tanriverdi, Enes"]
[Result "1-0"]
[WhiteElo "2404"]
[BlackElo "2399"]
[PlyCount "121"]
[EventDate "2021.04.02"]
[EventType "team-swiss (blitz)"]
[EventRounds "9"]
[EventCountry "AZE"]
[SourceTitle "EXT 2023"]
[Source "ChessBase"]
[SourceDate "2022.10.05"]
[SourceVersion "1"]
[SourceVersionDate "2022.10.05"]
[SourceQuality "1"]
[WhiteTeam "Russia"]
[BlackTeam "Turkey"]
[WhiteTeamCountry "RUS"]
[BlackTeamCountry "TUR"]

1. d4 d5 2. c4 c6 3. Nc3 Nf6 4. e3 g6 5. Nf3 Bg7 6. Be2 0-0 7. 0-0 e6 8. b3 b6 9. Bb2 Bb7 10. Qc2 Nbd7 11. e4 c5 12. cxd5 exd5 13. exd5 Rc8 14. Rad1 cxd4 15. Rxd4 Nxd5 16. Rc4 Rxc4 17. Bxc4 Nxc3 18. Bxc3 Bxf3 19. gxf3 Qg5+ 20. Kh1 Qf4 21. Be2 Bxc3 22. Qxc3 Nf6 23. Qe3 Qh4 24. Bc4 Re8 25. Qc3 Nh5 26. Re1 Rxe1+ 27. Qxe1 Qf6 28. Qd1 Nf4 29. Bf1 Kg7 30. Qc1 Qe5 31. Qe3 Kf6 32. Qc1 g5 33. a4 h6 34. Qc6+ Kg7 35. Qc1 Qd4 36. Kg1 Qe5 37. Qe3 Qa1 38. b4 Nh3+ 39. Kg2 Nf4+ 40. Kg1 Qb2 41. Qe4 a5 42. bxa5 bxa5 43. Qe1 Qb6 44. Qe5+ Kg6 45. Qe4+ Kf6 46. Qh7 Ke7 47. Qf5 Kf8 48. Qe5 f6 49. Qf5 Kg7 50. Qd7+ Kf8 51. Qh7 h5 52. Bc4 Ke8 53. Bb5+ Kf8 54. Bc4 Ke8 55. Bb5+ Kf8 56. Qh8+ Ke7 57. Qg7+ Ke6 58. Qd7+ Ke5 59. Qe7+ Kd4 60. Qe3+ Kd5 61. Qxb6 1-0

[Event "Nizami Ganjavi 880 years U17"]
[Site "Tornelo INT"]
[Date "2021.04.02"]
[Round "2.4"]
[White "Hrbek, Stepan"]
[Black "Tanriverdi, Enes"]
[Result "0-1"]
[WhiteElo "2230"]
[BlackElo "2399"]
[PlyCount "76"]
[EventDate "2021.04.02"]
[EventType "team-swiss (blitz)"]
[EventRounds "9"]
[EventCountry "AZE"]
[SourceTitle "EXT 2023"]
[Source "ChessBase"]
[SourceDate "2022.10.05"]
[SourceVersion "1"]
[SourceVersionDate "2022.10.05"]
[SourceQuality "1"]
[WhiteTeam "Czech Republic"]
[BlackTeam "Turkey"]
[WhiteTeamCountry "CZE"]
[BlackTeamCountry "TUR"]

1. c4 Nf6 2. Nc3 e5 3. Nf3 Nc6 4. e3 Bb4 5. Qc2 Bxc3 6. bxc3 0-0 7. e4 d6 8. g3 a6 9. a4 Nd7 10. Bg2 Nc5 11. Nh4 Be6 12. d3 Qd7 13. 0-0 Bh3 14. Bxh3 Qxh3 15. f4 f6 16. f5 Qg4 17. Kg2 Qh5 18. Be3 Rae8 19. Rf3 g5 20. fxg6 hxg6 21. Raf1 Kg7 22. Bxc5 dxc5 23. Qf2 Re6 24. Qxc5 Rd6 25. Qf2 Qg5 26. c5 Rd7 27. Kh1 Nd8 28. Ng2 Rdf7 29. Ne3 Ne6 30. h4 Qh5 31. g4 Qh6 32. Nd5 Rh8 33. Rxf6 Qxh4+ 34. Qxh4 Rxh4+ 35. Kg2 Nf4+ 36. R1xf4 exf4 37. Rxf7+ Kxf7 38. Nxc7 g5 0-1

[Event "TUR-UKR Friendship U20"]
[Site "Tornelo INT"]
[Date "2021.01.17"]
[Round "2.1"]
[White "Sidorika, Vladislav"]
[Black "Tanriverdi, Enes"]
[Result "1-0"]
[WhiteElo "2331"]
[BlackElo "2399"]
[PlyCount "167"]
[EventDate "2021.01.17"]
[EventType "team-match (rapid)"]
[EventRounds "2"]
[EventCountry "TUR"]
[SourceTitle "CBM 200 Extra"]
[Source "ChessBase"]
[SourceDate "2021.03.31"]
[SourceVersion "1"]
[SourceVersionDate "2021.03.31"]
[SourceQuality "1"]
[WhiteTeam "Ukraine U20"]
[BlackTeam "Turkey U20"]
[WhiteTeamCountry "UKR"]
[BlackTeamCountry "TUR"]

1. Nf3 Nf6 2. g3 g6 3. Bg2 Bg7 4. 0-0 0-0 5. c4 e6 6. Nc3 d5 7. cxd5 exd5 8. d4 c6 9. Bf4 Re8 10. Rc1 Na6 11. a3 Bf5 12. Be5 Bh6 13. Bxf6 Qxf6 14. e3 Nc7 15. Qb3 Rab8 16. Ne5 Rxe5 17. dxe5 Qxe5 18. Ne2 Ne6 19. h3 g5 20. Rfd1 Bg7 21. Rd2 Bg6 22. Qa4 a6 23. Nd4 Nxd4 24. exd4 Qe6 25. Qd1 Re8 26. Qb3 Re7 27. Rdd1 h5 28. Qb4 Bf8 29. Re1 Qd7 30. Qd2 Qd8 31. Re2 Rxe2 32. Qxe2 Bg7 33. Qd2 Bf6 34. b4 Kg7 35. Rd1 h4 36. g4 Qd6 37. Qe3 Qc7 38. Bf1 Qb6 39. Qc3 Kg8 40. a4 Be7 41. b5 axb5 42. axb5 cxb5 43. Qc8+ Kg7 44. Qd7 Bf6 45. Qxb5 Qd6 46. Qxb7 Qf4 47. Qb2 Qf3 48. Qe2 Qb3 49. Qd2 Qf3 50. Bg2 Qb3 51. Rc1 Qb6 52. Rc5 Qb1+ 53. Bf1 Be4 54. Rc1 Qb6 55. Bg2 Bg6 56. Bxd5 Bxd4 57. Rd1 Bf6 58. Bc4 Qc6 59. Bd3 Qc5 60. Bxg6 Kxg6 61. Qd3+ Kg7 62. Qf3 Qe7 63. Qf5 Qe5 64. Qxe5 Bxe5 65. Kg2 Kf6 66. Kf3 Kg6 67. Ke4 f6 68. Rd8 Bf4 69. Rd5 Bh2 70. Rf5 Bd6 71. Kd5 Ba3 72. Ke6 Bb2 73. Rb5 Bc3 74. Rb8 Kg7 75. f3 Be5 76. Rb7+ Kg6 77. Rf7 Bd4 78. Rf8 Kg7 79. Rd8 Be5 80. Kf5 Kf7 81. Rd7+ Kf8 82. Kg6 Ke8 83. Rf7 Bd4 84. Rxf6 1-0

[Event "Titled Tuesday intern op 03rd Nov"]
[Site "Chess.com INT"]
[Date "2020.11.03"]
[Round "1"]
[White "Arakhamia Grant, Ketevan"]
[Black "Tanriverdi, Enes"]
[Result "0-1"]
[WhiteElo "2380"]
[BlackElo "2399"]
[PlyCount "106"]
[EventDate "2020.11.03"]
[EventType "swiss (blitz)"]
[EventRounds "11"]
[EventCountry "USA"]
[SourceTitle "CBM 199 Extra"]
[Source "ChessBase"]
[SourceDate "2021.01.31"]
[SourceVersion "1"]
[SourceVersionDate "2021.01.31"]
[SourceQuality "1"]

1. e4 c6 2. d4 d5 3. Nc3 dxe4 4. Nxe4 Bf5 5. Ng3 Bg6 6. h4 h6 7. Nf3 Nd7 8. h5 Bh7 9. Bd3 Bxd3 10. Qxd3 e6 11. Bf4 Ngf6 12. 0-0-0 Be7 13. Kb1 0-0 14. Ne4 Nxe4 15. Qxe4 Nf6 16. Qe2 Qd5 17. Ne5 Qe4 18. Qxe4 Nxe4 19. Be3 Rfd8 20. g4 Bg5 21. f4 Bf6 22. Rhe1 Nd6 23. b3 a5 24. a4 Ne8 25. Nc4 Nc7 26. g5 Be7 27. gxh6 gxh6 28. f5 Kh7 29. Bf4 Nd5 30. Bd2 exf5 31. Nxa5 Bg5 32. Nxb7 Rdb8 33. Nc5 Bf6 34. Nd7 Rb7 35. Nxf6+ Nxf6 36. Re5 Rxa4 37. Rxf5 Nd5 38. Rdf1 Rxd4 39. Rxf7+ Rxf7 40. Rxf7+ Kg8 41. Rf2 Rh4 42. Rf5 Kg7 43. c4 Ne7 44. Bc3+ Kg8 45. Re5 Kf7 46. Kb2 Rh3 47. Bd2 Rh2 48. Kc3 Ng8 49. b4 Rh3+ 50. Kd4 Nf6 51. Rf5 Ke6 52. Re5+ Kd6 53. Bf4 Rh4 0-1